000 00461nam a2200181Ia 4500
001 24551
005 20260414151051.0
008 260414t2010||||xx |||||||||||||| ||spa||
041 _aESP
082 _a345.721
_bA49
100 _aÁlvarez Pedroza, Alejandro
_eAUT
245 0 _aEl arbitraje Ad Hoc en las contrataciones del estado
_b
260 _c2010
300 _a664 páginas :
_c24 cm.
650 _aDER
654 _aCDE
942 _cLIB
_dJUS
_fJUS
_2ddc
_n
999 _c24551
_d24551